| 000 | 00480nam a2200193Ia 4500 | ||
|---|---|---|---|
| 003 | 0100 | ||
| 008 | 130307s9999 xx 000 0 und d | ||
| 040 | _cARRUPELIB | ||
| 050 | _aBT620.P9 | ||
| 100 | _aPius IX, Pope | ||
| 245 | _aMary Immaculate | ||
| 245 | _bThe bull ''Ineffabilis Dei'' | ||
| 260 | _aPaterson NJ | ||
| 260 | _bSt. Anthony Guild Pr. | ||
| 260 | _c1946 | ||
| 300 | _a24p | ||
| 700 | _atr. and annotated by Dominic J. Unger , Ineffabilis Dei | ||
| 942 | 0 | 0 | _02 |
| 999 |
_c82934 _d82934 |
||